Catalog

Record Details

Catalog Search



The Poe shadow Cover Image CD Audiobook CD Audiobook

The Poe shadow [sound recording] / by Pearl Matthew.

Pearl, Matthew (Author). Singer, Erik. (Added Author). Performed by Erik Singer. (Cast).

Record details

  • ISBN: 1419380427
  • Physical Description: 13 sound discs (14.75 hr.) : digital ; 4 3/4 in.
  • Edition: Unabridged.
  • Publisher: Prince Frederick, Md. : Recorded Books, p2006.

Content descriptions

Participant or Performer Note:
Performed by Erik Singer.
System Details Note:
Compact disc.
Subject: Poe, Edgar Allan, 1809-1849 > Death and burial > Fiction.
Authors, American > 19th century > Death > Fiction.
Audiobooks.

LDR 01068nim a2200325 a 4500
001119884
003CONS
00520140703092840.0
007sd fungnnmmned
008060314s2006 mdunnn f eng d
020 . ‡z9781419380426
020 . ‡a1419380427
0243 . ‡z9781419380426
02801. ‡aC3633 ‡bRecorded Books
035 . ‡a(CPomAG)LMN394427
043 . ‡an-us-md
1001 . ‡aPearl, Matthew
24514. ‡aThe Poe shadow ‡h[sound recording] / ‡cby Pearl Matthew.
250 . ‡aUnabridged.
260 . ‡aPrince Frederick, Md. : ‡bRecorded Books, ‡cp2006.
300 . ‡a13 sound discs (14.75 hr.) : ‡bdigital ; ‡c4 3/4 in.
538 . ‡aCompact disc.
5111 . ‡aPerformed by Erik Singer.
60010. ‡aPoe, Edgar Allan, ‡d1809-1849 ‡xDeath and burial ‡vFiction.
650 0. ‡aAuthors, American ‡y19th century ‡xDeath ‡vFiction.
650 0. ‡aAudiobooks.
7001 . ‡aSinger, Erik.
914 . ‡aScp_ds
959 . ‡i32269000756323 ‡lBK/CD Pea ‡aAdult - Audiobook ‡tAudiobook ‡g119.75
852 . ‡p32269000756323 ‡jBK/CD Pea ‡gAdult - Audiobook ‡cAudiobook ‡y119.75 ‡bSBPL
901 . ‡a119884 ‡bUnknown ‡c119884 ‡tbiblio

Additional Resources